000 00346nam a2200133 i 4500
001 bg
100 1 _aWOŹNICA, Witold
245 0 _aKoncepcja Krajowego Systemu Informacyjnego :
_bbank informacji /
_cWitold Woźnica.
260 _aWarszawa,
_c1974.
040 _cBPK
041 _apol
942 _cKS
008 s pl f |000 0 pol
999 _c16156
_d16156
856 _uhttp://koha.tu.koszalin.pl/cgi-bin/koha/opac-detail.pl?biblionumber=16156
_yKatalog online BPK